LEADER 01236nam0 22002651i 450 001 UON00190875 005 20231205103214.216 100 $a20030730d1979 |0itac50 ba 101 $afre 102 $aFR 105 $a|||| ||||| 200 1 $a Paul Bourget à Palerme et d'autres pages de littérature française et comparée avec quatorze lettres (la plupart inédites) de Paul Bourget$fJean-Paul de Nola 210 $aParis$cNizet$d1979. 194 p. ; 24 cm. 606 $aBOURGET PAUL$3UONC039417$2FI 620 $aFR$dParis$3UONL002984 676 $a848$cLetteratura francese. Scritti miscellanei.$v21 700 1$aNOLA$bJean-Paul : de$3UONV112273$0188784 701 1$aBOURGET$bPaul$3UONV112276$0179933 712 $aLibrairie Nizet$3UONV266070$4650 801 $aIT$bSOL$c20240220$gRICA 899 $aSIBA - SISTEMA BIBLIOTECARIO DI ATENEO$2UONSI 912 $aUON00190875 950 $aSIBA - SISTEMA BIBLIOTECARIO DI ATENEO$dSI Francese V B BOU DEN $eSI LO 58053 5 996 $aPaul Bourget à Palerme et d'autres pages de littérature française et comparée avec quatorze lettres (la plupart inédites) de Paul Bourget$91292918 997 $aUNIOR